000 00756nam a2200205Ii 4500
003 JO-AjNU
008 230605s9999||||xx |||||||||||||| ||und||
040 _aJO-AjNU
_bara
_erda
_cJO-AjNU
041 _aara
050 1 4 _aPJ7846.A765.Z87 1983
100 3 _aتأليف المنفلوطي،مصطفى لطفي ؛ جمعها ورتبها أحمد عبيد ؛ تقديم جبرائيل سليمان جبور,
_eauthor
_919357
245 0 0 _aكلمات المنفلوطي
250 _aط1
264 3 1 _aبيروت:دار الآفاق الجديدة،1983
300 _a178ص
336 _atext
_btxt
_2rdacontent
337 _aunmediated
_bn
_2rdamedia
338 _avolume
_bnc
_2rdacarrier
650 4 _aالشعر العربي - تحليل ونقد 
_919358
999 _aA6370
_c9938
_d9938